• 首页
  • 本馆介绍
  • 公告通知
  • 最新文献
  • 馆藏检索
  • 电子资源
  • 读者导购
  • 参考咨询
  • 我的图书馆
  • 登录
  • 详细信息显示
  • 放入我的书架
  • 预约/预借图书
  • 作者相关作品
  • 分类相关作品
  • 丛书相关作品
  • 出版社相关作品

书目信息

  • 表格格式
  • 工作单格式
  • 卡片格式
题名:
会说话会办事会做人
    
 
作者: 金波 , 闻君 编著
分册:  
出版信息: 北京   时事出版社  2007
页数: 311页
开本: 24cm
丛书名:
单 册:
中图分类: B825-49 , B825
科图分类:
主题词: 个人--修养--通俗读物 , 个人 , 修养 , 伦理学
电子资源:
ISBN: 978-7-80232-118-2
000 00931nam0 2200289 450
001 0961190738
005 20090929170130.57
010    @a978-7-80232-118-2@dCNY35.00
100    @a20070104d2007 em y0chiy50 ea
101 0  @achi
102    @aCN@b110000
105    @ay z 000yy
106    @ar
200 1  @a会说话会办事会做人@Ahui shui hua hui ban shi hui zuo ren@f闻君,金波编著
210    @a北京@c时事出版社@d2007
215    @a311页@d24cm
330    @a本书包括三部分内容:说话要得体、办事要聪明、做人要低调,分为生活需要好口才、说话技巧最重要、说话的机会、办事成功的技巧、办事的禁忌、做人要有好心态,做人的误区等。
606 0  @a个人@x修养@j通俗读物
606 0  @a个人
606 0  @a修养
606 0  @a伦理学
690    @aB825-49@v4
690    @aB825@v4
701  0 @a金波@c(人生哲学)@Ajin bo@4编著
701  0 @a闻君@Awen jun@4编著
801  0 @aCN@b110017@c20070530
905    @a10447@dB825@eJY182
    
    会说话会办事会做人/闻君,金波编著 .-北京:时事出版社,2007
    311页;24cm
    
    
    ISBN 978-7-80232-118-2:CNY35.00
    本书包括三部分内容:说话要得体、办事要聪明、做人要低调,分为生活需要好口才、说话技巧最重要、说话的机会、办事成功的技巧、办事的禁忌、做人要有好心态,做人的误区等。
●
相关链接 在E读中查询图书 在五车中查询图书 在当当中查询图书 在豆瓣中查询图书


正题名:会说话会办事会做人     索取号:B825/JY182         预约/预借

序号 登录号 条形码 馆藏地/架位号 状态 备注
1 7829688   278296880   学院路分馆/ [索取号:B825/JY182] 在馆    
2 7829689   278296899   学院路分馆/ [索取号:B825/JY182] 在馆    
3 7829690   278296906   学院路分馆/ [索取号:B825/JY182] 在馆    
唐山师范学院图书馆 欢迎您!
大连网信软件有限公司© 版权所有